01037 2200181 4500001002100000005001500021035002000036245004200056100001500098250001700113300002900130260004200159082000800201084001400209020002200223600001000245520060000255INLIS00000000000086220250110093816 a0010-01250000351 aBelajar Sains: Penemuan /cWu Meizhen0 aWu Meizhen aCetakan ke-1 a128 hlm :bIlus ;c21 cm aJakarta :bBhuana Ilmu Populer,c2021 a500 a500 WU b a978-623-040-187-9 4asains aKelas sains akan dimulai ! Bagaimana cara manusia purba berkomunikasi Apa yang dimaksud antibiotik? Pada petualangan kali ini, Kak Sunny mengajak Chen, Susie, Mimi, dan yang lain untuk bertualang mempelajari beragam penemuan dan perkembangan sains. Mereka pergi ke dalam lautan, Zaman Kapur, Mesir, hingga luar angkasa untuk menjawab rasa penasaran mereka. Mereka melihat Trilobit, mempelajari bangunan bersejarah, mencari tahu sejarah serta perkembangan ilmu kedokteran, dan masih banyak lagi. Yuk, ikut belajar sains bersama mereka! llustrasi yang menarik Catatan Sains Seru